|
|
|
|
| LEADER |
00000nta a2200000 i 4500 |
| 001 |
dolg8586 |
| 005 |
20180227114226.0 |
| 008 |
161209suuuu hu om 000 eng d |
| 040 |
|
|
|a BGE Dolgozattár Repozitórium
|b hun
|
| 041 |
|
|
|a en
|
| 100 |
1 |
|
|a Izmaylova Liya
|
| 245 |
1 |
0 |
|a Advantages of the services by Hungarian target market and how to meet the Russian consumers behavior
|c Izmaylova Liya
|h [elektronikus dokumentum]
|
| 246 |
1 |
1 |
|a Advantages of the services by Hungarian target market and how to meet the Russian consumers behavior. Advantages of the services by Hungarian target market and how to meet the Russian consumers behavior. Advantages of the services by Hungarian target market and how to meet Russian consumers behaviour
|
| 246 |
1 |
1 |
|a Advantages of the services by Hungarian target market and how to meet the Russian consumers behavior. Advantages of the services by Hungarian target market and how to meet Russian consumers behaviour
|
| 695 |
|
|
|a Consumer behaviours
|
| 700 |
1 |
|
|a Talabos István
|e ths
|
| 856 |
4 |
0 |
|u http://dolgozattar.uni-bge.hu/8586/1/merged_document.pdf
|z Dokumentum-elérés
|